000 00641nam a22002177a 4500
001 sjds
003 sjds
005 20230829194633.0
008 230829b |||||||| |||| 00| 0 spa d
020 _a9788430560981
020 _a843056098X
040 _csjds
041 _aspa
100 1 0 _aZimnik, Reiner
245 1 3 _aEl viaje en globo de Guillermo /
_cReiner Zimnik
246 _aFront cover image for El viaje en globo de Guillermo El viaje en globo de Guillermo
260 _aMadrid :
_bSusaeta,
_c1991
300 _a1 volume (unpaged) :
_bcolor illustrations ;
_c32 cm.
440 _a Coleccion Albumes ilustrados
942 _cBK
999 _c28265
_d28265